00378nam a2200121Ia 450000500170000000800410001708200130005810000260007124500780009726000540017530000120022965000150024120240625012614.0240331s9999 xx 000 0 und d a100bSWA aChidbhavananda, Swami 0aMahabharata :bThe philosophy of Humanity for the use of college students aTirupparaitturaibSri Ramakrishna Tapovanamc1973 a268 p., aPhilosophy